Text Book Of Engineering Physics (Record no. 195857)

MARC details
000 -LEADER
fixed length control field 00434nam a2200157Ia 4500
008 - FIXED-LENGTH DATA ELEMENTS--GENERAL INFORMATION
fixed length control field 230714s9999 xx 000 0 und d
041 ## - LANGUAGE CODE
Language code of text/sound track or separate title eng
082 ## - DEWEY DECIMAL CLASSIFICATION NUMBER
Classification number 530
Item number AVA
100 ## - MAIN ENTRY--PERSONAL NAME
Personal name Avadhanulu M.N.
9 (RLIN) 149104
245 ## - TITLE STATEMENT
Title Text Book Of Engineering Physics
260 ## - PUBLICATION, DISTRIBUTION, ETC. (IMPRINT)
Date of publication, distribution, etc. 2009
Name of publisher, distributor, etc. S. Chand Pub
300 ## - PHYSICAL DESCRIPTION
Extent 758
365 ## - TRADE PRICE
Currency code Rs.
Price amount 310.00
700 ## - ADDED ENTRY--PERSONAL NAME
Personal name Avadhanulu M.N. & Kshirsagar P.G.
9 (RLIN) 190370
906 ## - LOCAL DATA ELEMENT F, LDF (RLIN)
d B:753830-Jan-2009
c ALLIED
b 697.5

No items available.